El problema de la psicología de la forma

Tallennettuna:
Bibliografiset tiedot
Päätekijä: Köhler, Wolfgang (Tekijä)
Aineistotyyppi: Kirja
Kieli:espanja
Julkaistu: Madrid Universidad Complutense 1998
Sarja:Colección Excerpta Philosophica, 24
Aiheet:
Tagit: Lisää tagi
Ei tageja, Lisää ensimmäinen tagi!

MARC

LEADER 00000nam a2200000 a 4500
001 UCP2519
003 CL-VaPUC
008 990520e19980000SP |||||||||||||||||spa|d
082 0 4 |a 150.1982  |b KOH  |2 21 
100 |a Köhler, Wolfgang  |e author  |9 306247 
245 1 3 |a El problema de la psicología de la forma 
300 |a 95 p 
942 |c BK 
945 |d 19990520 00:00:00  |a rbrito 
260 |a Madrid  |b Universidad Complutense  |c 1998 
650 7 |a PSICOLOGIA GESTALTICA  |2 CL-VaPUC  |9 306251 
583 |a last modification  |c 20130101 09:41:48  |k Rodrigo Vera 
490 0 |a Colección Excerpta Philosophica, 24 
999 |c 281039  |d 281037 
952 |0 0  |1 0  |4 0  |6 150_198200000000000_KOH_1998  |7 0  |8 A  |9 321650  |a BIBEDU  |b BIBEDU  |d 2019-11-20  |i 3510115  |o 150.1982 KOH 1998  |p 3510115  |r 2019-11-20  |w 2019-11-20  |y BK  |k FIL